01188cam a2200241 a 4500020001800000020001500018041001200033082001300045100002300058245002700081260005700108300001600165520049200181650001200673650001500685650002500700650002300725700002300748856005900771942000700830952009200837999001700929 a9780674033276 a0674033272 aEnglish00a215bNUM aNumbers, Ronald L.00aGalileo goes to jail : aCambridge, Mass. :bHarvard University Press,c2009. ax, 302 p. ; aRonald Numbers has recruited the leading scholars in this new history of science to puncture the myths, from Galileo's incarceration to Darwin's deathbed conversion to Einstein's belief in a personal God who "didn't play dice with the universe." The picture of science and religion at each other's throats persists in mainstream media and scholarly journals, but each chapter in Galileo Goes to Jail shows how much we have to gain by seeing beyond the myths. --from publisher description 0aScience 0aScientists 0aReligion and science 0aReligion and state1 aNumbers, Ronald L.41uhttp://www.loc.gov/catdir/toc/ecip0828/2008041250.html cBK 00104070aHMIbHMIcGENd2018-10-23l0o215 NUMp11003715r2026-01-16w2026-01-16yBK c22339d22339